[Event "Quebec-ch B U20 Pepsico"]
[Site "Montreal CAN"]
[Date "2012.02.11"]
[Round "2"]
[White "Plante, Santiago"]
[Black "Saha, Ananda"]
[Result "0-1"]
[WhiteElo "1228"]
[BlackElo "1351"]
[PlyCount "124"]
[GameId "2160767909576695"]
[EventDate "2012.02.10"]
[EventType "swiss"]
[EventRounds "5"]
[EventCountry "CAN"]
[SourceTitle "hb 2012"]

1. Nf3 d5 2. g3 Nf6 3. Bg2 Bf5 4. O-O e6 5. Nh4 Bg6 6. Nxg6 hxg6 7. c4 Nc6 8. cxd5 Nxd5 9. Nc3 Qg5 10. Nxd5 exd5 11. Qb3 O-O-O 12. Qe3 Qh5 13. h3 Bd6 14. Qf3 Qxf3 15. Bxf3 Rhe8 16. Bxd5 f6 17. e3 Nb4 18. Bf7 Rh8 19. Bxg6 Kb8 20. h4 Rh6 21. Be4 Re8 22. Bf3 g5 23. hxg5 fxg5 24. Kg2 Reh8 25. Rg1 Rf8 26. Be4 Re6 27. Bf3 Ref6 28. Be4 Rxf2+ 29. Kh3 g4+ 30. Kxg4 Rg8+ 31. Kh3 Rf6 32. a3 Rh6+ 33. Kg2 Rxg3+ 34. Kf2 Rf6+ 35. Ke2 Rxg1 36. axb4 Bxb4 37. b3 Bd6 38. Bb2 Rxa1 39. Bxf6 Ra3 40. Bd5 c6 41. Bf7 Ra5 42. e4 Kc7 43. d4 Kd7 44. e5 Be7 45. Bc4 Bxf6 46. exf6 Rf5 47. f7 Ke7 48. Ke3 b5 49. f8=Q+ Rxf8 50. Bd3 Kd6 51. Be4 a5 52. Kd3 c5 53. dxc5+ Kxc5 54. Kc3 Re8 55. Bd3 Re3 56. Kd2 Rxd3+ 57. Kxd3 Kb4 58. Kc2 Ka3 59. Kc3 b4+ 60. Kc4 Ka2 61. Kb5 Kxb3 62. Kxa5 Ka3 0-1

[Event "Quebec-ch B U20 Pepsico"]
[Site "Montreal CAN"]
[Date "2012.02.11"]
[Round "2"]
[White "Saine, Zachary"]
[Black "Kravets, Michael"]
[Result "1-0"]
[WhiteElo "1284"]
[BlackElo "1390"]
[PlyCount "108"]
[GameId "2160767909576696"]
[EventDate "2012.02.10"]
[EventType "swiss"]
[EventRounds "5"]
[EventCountry "CAN"]
[SourceTitle "hb 2012"]

1. e4 e5 2. Nf3 Nc6 3. Bc4 Bc5 4. O-O Nf6 5. d3 d5 6. exd5 Nxd5 7. Re1 f6 8. d4 Bb6 9. dxe5 fxe5 10. Qxd5 Qxd5 11. Bxd5 Bd7 12. Bxc6 Bxc6 13. Nxe5 Kf8 14. Nxc6 bxc6 15. Nc3 Kf7 16. Be3 Ba5 17. Rad1 Rad8 18. Rxd8 Rxd8 19. g3 Bxc3 20. bxc3 a6 21. Bg5 Rd7 22. Kf1 h6 23. Be3 g5 24. Ke2 g4 25. Rd1 Re7 26. Rd4 h5 27. Ra4 c5 28. Rxa6 c4 29. Rc6 Ke8 30. Rxc4 Kd7 31. a4 Re5 32. Rc5 Re4 33. a5 Ra4 34. Rxh5 Kc6 35. h3 gxh3 36. Rxh3 Rxa5 37. g4 Ra2 38. Kd2 Kd7 39. Rf3 Ra6 40. g5 Ke7 41. Rf6 Ra5 42. Rf4 Rd5+ 43. Rd4 Re5 44. Kd3 Kf7 45. f4 Re7 46. f5 c5 47. Rd6 c4+ 48. Kd4 Kg7 49. f6+ Kf7 50. fxe7 Kxe7 51. g6 Kf8 52. Bh6+ Ke7 53. g7 Kxd6 54. g8=Q Kc6 1-0

[Event "Quebec-ch B U20 Pepsico"]
[Site "Montreal CAN"]
[Date "2012.02.11"]
[Round "2"]
[White "Utepova, Alika"]
[Black "Rodrigue-Lemieux, Shawn"]
[Result "1-0"]
[WhiteElo "1285"]
[BlackElo "770"]
[PlyCount "60"]
[GameId "2160767909576697"]
[EventDate "2012.02.10"]
[EventType "swiss"]
[EventRounds "5"]
[EventCountry "CAN"]
[SourceTitle "hb 2012"]

1. d4 d5 2. c4 e5 3. dxe5 d4 4. Nf3 Nc6 5. a3 Bc5 6. b4 Be7 7. Bb2 f6 8. exf6 Bxf6 9. g3 Nge7 10. Bg2 Bg4 11. O-O O-O 12. Nbd2 d3 13. Bxf6 Rxf6 14. exd3 Qxd3 15. Re1 Re8 16. Re3 Qd7 17. Qc2 Bf5 18. Qc3 b5 19. Rd1 Rd6 20. cxb5 Nd4 21. Ree1 Nxf3+ 22. Bxf3 Qxb5 23. Qxc7 Rd7 24. Qf4 g6 25. Nc4 Rxd1 26. Rxd1 Qa6 27. Qc7 Be6 28. Nd6 Rf8 29. Qxe7 Bh3 30. Bd5+ Kh8 1-0

[Event "Quebec-ch B U20 Pepsico"]
[Site "Montreal CAN"]
[Date "2012.02.11"]
[Round "2"]
[White "Wang, Bing Kun"]
[Black "Morin-Pare, Victor"]
[Result "1-0"]
[WhiteElo "1482"]
[BlackElo "1295"]
[PlyCount "53"]
[GameId "2160767909576698"]
[EventDate "2012.02.10"]
[EventType "swiss"]
[EventRounds "5"]
[EventCountry "CAN"]
[SourceTitle "hb 2012"]

1. e4 e5 2. Nf3 Nc6 3. Bc4 Nf6 4. d3 Be7 5. O-O d6 6. h3 O-O 7. Be3 Na5 8. Nc3 Nxc4 9. dxc4 c6 10. Qd2 Be6 11. b3 Qa5 12. Rad1 Rfd8 13. Bg5 Rd7 14. Bxf6 Bxf6 15. Na4 Qc7 16. Ng5 Re8 17. Nxe6 Rxe6 18. Nc5 Ree7 19. Nxd7 Rxd7 20. b4 Qd8 21. c5 d5 22. f4 Qc7 23. g4 exf4 24. Qxf4 Be5 25. Qf3 Bc3 26. Qxc3 dxe4 27. Rde1 1-0

[Event "Quebec-ch B U20 Pepsico"]
[Site "Montreal CAN"]
[Date "2012.02.11"]
[Round "2"]
[White "Yang, Eddie"]
[Black "Ouellet, Maili-Jade"]
[Result "1-0"]
[WhiteElo "1353"]
[BlackElo "1197"]
[PlyCount "121"]
[GameId "2160767909576699"]
[EventDate "2012.02.10"]
[EventType "swiss"]
[EventRounds "5"]
[EventCountry "CAN"]
[SourceTitle "hb 2012"]

1. d4 d5 2. c4 e6 3. Nc3 Nf6 4. Bg5 Be7 5. e3 h6 6. Bh4 O-O 7. Nf3 b6 8. cxd5 exd5 9. Bd3 Bb7 10. O-O Nbd7 11. Rc1 Rc8 12. Bg3 c5 13. Bf5 Re8 14. Nb5 Ba6 15. Qa4 Bxb5 16. Qxb5 Bf8 17. Ne5 a6 18. Qa4 b5 19. Qxa6 Ra8 20. Qxb5 Rb8 21. Qe2 Nxe5 22. Bxe5 Ra8 23. a3 cxd4 24. Bxd4 Rb8 25. Rfd1 Be7 26. Be5 Ra8 27. Bc7 g6 28. Bxd8 Raxd8 29. Bg4 Bf8 30. Rc7 d4 31. Qc4 Be7 32. Bf3 Rd6 33. g3 Rd7 34. Rxd7 Nxd7 35. Rxd4 Ne5 36. Qe2 Bf6 37. Rd5 Nxf3+ 38. Qxf3 Bxb2 39. Rd7 Rf8 40. Qd5 Bxa3 41. Rd8 Rxd8 42. Qxd8+ Kg7 43. Kg2 Bb2 44. Kf3 Bf6 45. Qd7 Be5 46. Ke4 Bc3 47. f4 Ba1 48. Kd5 Bb2 49. e4 Bc3 50. f5 Bb2 51. fxg6 Kxg6 52. Qf5+ Kg7 53. e5 f6 54. Qxf6+ Kh7 55. Qf7+ Kh8 56. e6 Ba3 57. e7 Bxe7 58. Qxe7 h5 59. Ke6 h4 60. Kf6 hxg3 61. Qg7# 1-0

[Event "Quebec-ch B U20 Pepsico"]
[Site "Montreal CAN"]
[Date "2012.02.11"]
[Round "2"]
[White "Zhang, Hou Han"]
[Black "Subotyak, Ivan"]
[Result "1/2-1/2"]
[WhiteElo "1261"]
[BlackElo "1364"]
[PlyCount "77"]
[GameId "2160767909576700"]
[EventDate "2012.02.10"]
[EventType "swiss"]
[EventRounds "5"]
[EventCountry "CAN"]
[SourceTitle "hb 2012"]

1. d4 d5 2. Nf3 Nf6 3. c4 c6 4. Bg5 Bf5 5. Bxf6 exf6 6. Nc3 Bb4 7. Qb3 Bxc3+ 8. Qxc3 O-O 9. e3 Be4 10. Nd2 Re8 11. Nxe4 dxe4 12. Be2 f5 13. O-O Nd7 14. Rad1 Qf6 15. d5 Qxc3 16. bxc3 Nc5 17. dxc6 bxc6 18. Rd6 Na4 19. Rc1 Rac8 20. Bd1 Nb2 21. Be2 Red8 22. Rd4 c5 23. Rd5 Rxd5 24. cxd5 Nd3 25. Bxd3 exd3 26. Rb1 g5 27. c4 Re8 28. Rd1 Re4 29. d6 Re8 30. Rxd3 f6 31. Kf1 Rd8 32. Ke2 Kf7 33. Kd2 Ke6 34. Kc3 Rxd6 35. Rxd6+ Kxd6 36. f4 h5 37. h3 h4 38. a4 g4 39. a5 1/2-1/2

[Event "Quebec-ch B U20 Pepsico"]
[Site "Montreal CAN"]
[Date "2012.02.11"]
[Round "3"]
[White "Gao, Catherine"]
[Black "Johnson-Constantin, Mathieu"]
[Result "1-0"]
[WhiteElo "890"]
[BlackElo "1193"]
[PlyCount "51"]
[GameId "2160767909576701"]
[EventDate "2012.02.10"]
[EventType "swiss"]
[EventRounds "5"]
[EventCountry "CAN"]
[SourceTitle "EXT 2022"]
[Source "ChessBase"]
[SourceDate "2021.10.06"]
[SourceVersion "1"]
[SourceVersionDate "2021.10.06"]
[SourceQuality "1"]

1. d4 g6 2. c4 Bg7 3. e4 d6 4. Nc3 c5 5. Be3 Qb6 6. Nf3 Qxb2 7. Rc1 Nc6 8. Nb5 Kd7 9. Rb1 Qxa2 10. Ra1 Qb2 11. Rb1 Qa2 12. Ra1 Qxa1 13. Qxa1 Nb4 14. Qa4 a6 15. Nxd6+ Kxd6 16. dxc5+ Kc7 17. Qxb4 a5 18. Qb6+ Kd7 19. Qb5+ Kd8 20. Bf4 a4 21. Ng5 Nh6 22. c6 bxc6 23. Qb6+ Kd7 24. Qc5 Ke8 25. Qxc6+ Kd8 26. Bc7# 1-0

[Event "Quebec-ch B U20 Pepsico"]
[Site "Montreal CAN"]
[Date "2012.02.11"]
[Round "3"]
[White "Gao, Christine"]
[Black "Bissonnette, Raphael"]
[Result "0-1"]
[WhiteElo "890"]
[BlackElo "1142"]
[PlyCount "125"]
[GameId "2160767909576702"]
[EventDate "2012.02.10"]
[EventType "swiss"]
[EventRounds "5"]
[EventCountry "CAN"]
[SourceTitle "EXT 2022"]
[Source "ChessBase"]
[SourceDate "2021.10.06"]
[SourceVersion "1"]
[SourceVersionDate "2021.10.06"]
[SourceQuality "1"]

1. e4 e5 2. Nf3 Nc6 3. d4 exd4 4. Nxd4 Nf6 5. Nc3 Bc5 6. Be3 Nxd4 7. Bxd4 Bb4 8. Bd3 O-O 9. Qf3 d6 10. Bxf6 Qxf6 11. Qxf6 gxf6 12. O-O Bxc3 13. bxc3 Be6 14. f4 Kh8 15. Rae1 Rae8 16. Re3 Rg8 17. Rfe1 c6 18. c4 Rg4 19. g3 h5 20. Kf2 Reg8 21. e5 fxe5 22. fxe5 d5 23. cxd5 cxd5 24. a3 Rd4 25. Rf3 Ra4 26. Bf5 Rc8 27. Re2 Rcc4 28. Bxe6 fxe6 29. Rf6 Rc6 30. Rh6+ Kg7 31. Rxh5 Rxa3 32. Ke1 a5 33. Rh4 Ra1+ 34. Kd2 a4 35. Rb4 Rc7 36. h4 a3 37. Ra4 b5 38. Ra5 Rb7 39. Re3 b4 40. Rb3 Rg1 41. Ra4 Kg6 42. Raxb4 Rxb4 43. Rxb4 a2 44. Ra4 a1=Q 45. Rxa1 Rxa1 46. g4 Ra4 47. h5+ Kh6 48. g5+ Kxg5 49. h6 Kxh6 50. Kd3 Re4 51. c3 Rxe5 52. c4 dxc4+ 53. Kxc4 Kg5 54. Kd4 Kf4 55. Kd3 Rd5+ 56. Ke2 e5 57. Kf2 Rd3 58. Ke2 e4 59. Kf2 Rd2+ 60. Kf1 Ke3 61. Ke1 Ra2 62. Kd1 Kd3 63. Kc1 0-1

[Event "Quebec-ch B U20 Pepsico"]
[Site "Montreal CAN"]
[Date "2012.02.11"]
[Round "3"]
[White "Guan, Zi Yu"]
[Black "Plante, Santiago"]
[Result "0-1"]
[WhiteElo "982"]
[BlackElo "1228"]
[PlyCount "116"]
[GameId "2160767909576703"]
[EventDate "2012.02.10"]
[EventType "swiss"]
[EventRounds "5"]
[EventCountry "CAN"]
[SourceTitle "EXT 2022"]
[Source "ChessBase"]
[SourceDate "2021.10.06"]
[SourceVersion "1"]
[SourceVersionDate "2021.10.06"]
[SourceQuality "1"]

1. e4 e6 2. d4 d5 3. exd5 exd5 4. Bd3 Nc6 5. Nf3 Bg4 6. Be3 Bd6 7. O-O Qd7 8. Re1 O-O-O 9. h3 Be6 10. b3 h6 11. c4 g5 12. Nh2 f6 13. Nc3 dxc4 14. Bxc4 Bxh2+ 15. Kxh2 Bxc4 16. bxc4 Nxd4 17. Bxd4 Qxd4 18. Qxd4 Rxd4 19. Re4 Rxe4 20. Nxe4 f5 21. Ng3 f4 22. Nf5 Kd7 23. Rb1 b6 24. Nd4 Ne7 25. Rd1 Kc8 26. g3 fxg3+ 27. fxg3 Rd8 28. Re1 Rxd4 29. Rxe7 Rxc4 30. Re2 Rd4 31. Kg2 c5 32. Kf3 c4 33. Re4 Rxe4 34. Kxe4 b5 35. Kd4 Kd7 36. a4 bxa4 37. Kxc4 a3 38. Kb3 a2 39. Kxa2 Ke6 40. Kb2 Ke5 41. Kc2 a5 42. g4 Kf4 43. Kb3 Kg3 44. Ka4 Kxh3 45. Kxa5 Kxg4 46. Kb4 h5 47. Kc3 h4 48. Kd2 h3 49. Ke2 h2 50. Kf2 h1=Q 51. Ke3 Qd5 52. Ke2 Qf3+ 53. Kd2 Kf4 54. Kc2 Ke4 55. Kd2 Qd3+ 56. Ke1 Qc2 57. Kf1 Kf3 58. Ke1 Qe2# 0-1

[Event "Quebec-ch B U20 Pepsico"]
[Site "Montreal CAN"]
[Date "2012.02.11"]
[Round "3"]
[White "Morin-Pare, Victor"]
[Black "Zhang, Hou Han"]
[Result "1/2-1/2"]
[WhiteElo "1295"]
[BlackElo "1261"]
[PlyCount "112"]
[GameId "2160767909572608"]
[EventDate "2012.02.10"]
[EventType "swiss"]
[EventRounds "5"]
[EventCountry "CAN"]
[SourceTitle "EXT 2022"]
[Source "ChessBase"]
[SourceDate "2021.10.06"]
[SourceVersion "1"]
[SourceVersionDate "2021.10.06"]
[SourceQuality "1"]

1. e4 e6 2. d4 d5 3. Nc3 dxe4 4. Nxe4 Nd7 5. Nf3 Ngf6 6. Bd3 Nxe4 7. Bxe4 Nf6 8. Bd3 c5 9. O-O cxd4 10. Nxd4 Bc5 11. Be3 O-O 12. Nxe6 Bxe6 13. Bxc5 Re8 14. Re1 Qa5 15. Bd4 Qg5 16. Re3 Bg4 17. Rxe8+ Rxe8 18. Bxf6 gxf6 19. f3 Bh3 20. Qf1 Bf5 21. Bxf5 Qxf5 22. Qd3 Qxd3 23. cxd3 Re2 24. b4 Rd2 25. Rc1 Rxd3 26. Rc7 Ra3 27. Rxb7 Rxa2 28. Rb8+ Kg7 29. Ra8 Rb2 30. Rxa7 Rxb4 31. g4 Rf4 32. Kf2 Rc4 33. Kg3 Rc5 34. h4 h6 35. Ra6 Re5 36. Kf4 Re6 37. Ra5 Kg6 38. Rf5 Kg7 39. Kg3 Rc6 40. Rd5 Re6 41. Rd3 Rc6 42. f4 Rb6 43. Kf2 Rb8 44. Rg3 Rb2+ 45. Kf3 Rb3+ 46. Kg2 Rb4 47. Kf3 Rb3+ 48. Kg2 Rb4 49. Rf3 f5 50. g5 h5 51. Kg3 Rb6 52. Rc3 Re6 53. Kf3 Re1 54. Rc2 Rh1 55. Kg3 Rg1+ 56. Rg2 Re1 1/2-1/2

[Event "Quebec-ch B U20 Pepsico"]
[Site "Montreal CAN"]
[Date "2012.02.11"]
[Round "3"]
[White "Nazarian, Arash"]
[Black "Luo, Muhan"]
[Result "1/2-1/2"]
[WhiteElo "1297"]
[BlackElo "1364"]
[PlyCount "105"]
[GameId "2160767909572609"]
[EventDate "2012.02.10"]
[EventType "swiss"]
[EventRounds "5"]
[EventCountry "CAN"]
[SourceTitle "EXT 2022"]
[Source "ChessBase"]
[SourceDate "2021.10.06"]
[SourceVersion "1"]
[SourceVersionDate "2021.10.06"]
[SourceQuality "1"]

1. e4 c5 2. d4 cxd4 3. Nf3 e6 4. Nxd4 Nc6 5. Be3 a6 6. a3 Qc7 7. Nc3 Nf6 8. Be2 Be7 9. Qd2 d5 10. exd5 exd5 11. Bf3 Be6 12. Rd1 Rd8 13. O-O Qd7 14. Qe2 Ne5 15. h3 h5 16. Nxe6 Qxe6 17. Bd4 Nxf3+ 18. Qxf3 Qd6 19. Bxf6 Qxf6 20. Qxf6 Bxf6 21. Rfe1+ Kf8 22. Rxd5 Rxd5 23. Nxd5 Bxb2 24. Rb1 Bxa3 25. Rxb7 g6 26. Ra7 Kg7 27. Rxa6 Rd8 28. Ne3 Be7 29. c4 Rc8 30. Nd5 Bc5 31. Ra4 g5 32. g4 hxg4 33. hxg4 Re8 34. Ra5 Bd4 35. Ne3 Bxe3 36. fxe3 f6 37. Kf2 Re4 38. c5 Rxg4 39. c6 Rc4 40. Ra7+ Kg6 41. Rc7 f5 42. Rc8 Kf7 43. c7 Ke7 44. Kf3 Kd7 45. Rf8 Kxc7 46. Rxf5 g4+ 47. Kg3 Re4 48. Kf2 Kd6 49. Rg5 Ke6 50. Ke2 Kf6 51. Rg8 Kf7 52. Kd3 Rxe3+ 53. Kxe3 1/2-1/2

[Event "Quebec-ch B U20 Pepsico"]
[Site "Montreal CAN"]
[Date "2012.02.11"]
[Round "3"]
[White "Ouellet, Maili-Jade"]
[Black "Luo, Jia Yu"]
[Result "1-0"]
[WhiteElo "1197"]
[BlackElo "733"]
[PlyCount "73"]
[GameId "2160767909572610"]
[EventDate "2012.02.10"]
[EventType "swiss"]
[EventRounds "5"]
[EventCountry "CAN"]
[SourceTitle "EXT 2022"]
[Source "ChessBase"]
[SourceDate "2021.10.06"]
[SourceVersion "1"]
[SourceVersionDate "2021.10.06"]
[SourceQuality "1"]

1. d4 d5 2. c4 e6 3. Nc3 Nf6 4. Bg5 Be7 5. e3 O-O 6. Rc1 c6 7. cxd5 exd5 8. Bd3 Nbd7 9. Nf3 Re8 10. Qc2 Nf8 11. Bxf6 Bxf6 12. h4 Ng6 13. h5 Nf4 14. Bxh7+ Kf8 15. g3 Ng2+ 16. Kf1 Bg4 17. Qe2 Nxe3+ 18. fxe3 Bxd4 19. Nd1 Qf6 20. Kg2 Re5 21. Qf2 Re6 22. Nxd4 Qxf2+ 23. Nxf2 Rxe3 24. Nxg4 Re7 25. h6 gxh6 26. Nxh6 Rd8 27. Rhf1 Rdd7 28. Bg6 Kg7 29. Bf5 Rd6 30. Ng4 c5 31. Rxc5 b6 32. Rc6 Rxc6 33. Nxc6 Re2+ 34. Rf2 Rxf2+ 35. Kxf2 f6 36. Nxa7 d4 37. Nc6 1-0

[Event "Quebec-ch B U20 Pepsico"]
[Site "Montreal CAN"]
[Date "2012.02.11"]
[Round "3"]
[White "Rodrigue-Lemieux, Shawn"]
[Black "Turgeon, Yoakim"]
[Result "1/2-1/2"]
[WhiteElo "770"]
[BlackElo "1149"]
[PlyCount "71"]
[GameId "2160767909572611"]
[EventDate "2012.02.10"]
[EventType "swiss"]
[EventRounds "5"]
[EventCountry "CAN"]
[SourceTitle "EXT 2022"]
[Source "ChessBase"]
[SourceDate "2021.10.06"]
[SourceVersion "1"]
[SourceVersionDate "2021.10.06"]
[SourceQuality "1"]

1. d4 d5 2. c4 e6 3. Nc3 Nc6 4. b3 dxc4 5. bxc4 Nxd4 6. e3 Nc6 7. Qxd8+ Nxd8 8. Bb2 Nc6 9. O-O-O Bc5 10. Nf3 Nf6 11. Nb5 Bb6 12. Bxf6 gxf6 13. Be2 a6 14. Nc3 f5 15. Ng5 h6 16. Nf3 Bd7 17. e4 Ba5 18. Na4 fxe4 19. Nd4 Nxd4 20. Rxd4 Bxa4 21. Rxe4 O-O-O 22. Rh4 Rd2 23. Bh5 Rxa2 24. Kb1 Rxf2 25. c5 Rg8 26. Rxa4 b6 27. cxb6 cxb6 28. Rc1+ Kb8 29. Bf3 Rd8 30. Rac4 b5 31. Rc6 Ka7 32. Rc8 Rxc8 33. Rxc8 b4 34. Ra8+ Kb6 35. Rb8+ Kc5 36. Rb7 1/2-1/2

[Event "Quebec-ch B U20 Pepsico"]
[Site "Montreal CAN"]
[Date "2012.02.11"]
[Round "3"]
[White "Roussel, Lauriane"]
[Black "Tuncbilek, Emir"]
[Result "1-0"]
[WhiteElo "1093"]
[BlackElo "618"]
[PlyCount "54"]
[GameId "2160767909572612"]
[EventDate "2012.02.10"]
[EventType "swiss"]
[EventRounds "5"]
[EventCountry "CAN"]
[SourceTitle "EXT 2022"]
[Source "ChessBase"]
[SourceDate "2021.10.06"]
[SourceVersion "1"]
[SourceVersionDate "2021.10.06"]
[SourceQuality "1"]

1. e4 e5 2. Nc3 Nf6 3. f4 Nc6 4. Nf3 Bc5 5. fxe5 Ng4 6. d4 Bb4 7. a3 Ba5 8. Bf4 d5 9. exd5 Qxd5 10. b4 Bxb4 11. axb4 Qe6 12. d5 Qf5 13. dxc6 Qxf4 14. Qd4 Qxd4 15. Nxd4 bxc6 16. Nxc6 a6 17. Rd1 O-O 18. Be2 h6 19. O-O Bb7 20. Ne7+ Kh8 21. Bxg4 Rfe8 22. Rd7 a5 23. Nb5 axb4 24. Nxc7 Rxe7 25. Rxe7 Ra2 26. Bf5 g6 27. Bxg6 fxg6 1-0

[Event "Quebec-ch B U20 Pepsico"]
[Site "Montreal CAN"]
[Date "2012.02.11"]
[Round "3"]
[White "Saha, Ananda"]
[Black "Wang, Bing Kun"]
[Result "1-0"]
[WhiteElo "1351"]
[BlackElo "1482"]
[PlyCount "115"]
[GameId "2160767909572613"]
[EventDate "2012.02.10"]
[EventType "swiss"]
[EventRounds "5"]
[EventCountry "CAN"]
[SourceTitle "EXT 2022"]
[Source "ChessBase"]
[SourceDate "2021.10.06"]
[SourceVersion "1"]
[SourceVersionDate "2021.10.06"]
[SourceQuality "1"]

1. d4 Nf6 2. c4 g6 3. Nc3 Bg7 4. Bf4 O-O 5. Nf3 d6 6. e3 Bg4 7. h3 Bxf3 8. Qxf3 c6 9. Bg5 Nbd7 10. Bd3 Qe8 11. Ne4 Nxe4 12. Bxe4 f5 13. Bd3 e5 14. e4 exd4 15. O-O Ne5 16. Qe2 Nxd3 17. Qxd3 fxe4 18. Qb3 Rf7 19. Rfe1 Qe5 20. Bh4 Raf8 21. Bg3 Qf5 22. Re2 d3 23. Rd2 Bd4 24. Rf1 e3 25. Rxd3 exf2+ 26. Kh1 Qe4 27. Bxd6 Rd8 28. Bg3 Qe2 29. Rdd1 Kg7 30. Qd3 Qxd3 31. Rxd3 c5 32. Bxf2 Rdf8 33. Bxd4+ cxd4 34. Rxf7+ Rxf7 35. Rxd4 Kf6 36. Rf4+ Ke6 37. Rxf7 Kxf7 38. Kg1 Ke6 39. Kf2 Ke5 40. Ke3 g5 41. g3 h5 42. g4 h4 43. b4 a6 44. a3 b6 45. a4 Kd6 46. Kd4 Ke6 47. c5 bxc5+ 48. Kxc5 Ke5 49. b5 axb5 50. axb5 Kf4 51. b6 Kg3 52. b7 Kxh3 53. b8=Q Kxg4 54. Qh2 Kh5 55. Kd4 Kg4 56. Ke4 h3 57. Qg1+ Kh4 58. Kf5 1-0

[Event "Quebec-ch B U20 Pepsico"]
[Site "Montreal CAN"]
[Date "2012.02.11"]
[Round "3"]
[White "Serban, Diana"]
[Black "Utepova, Alika"]
[Result "0-1"]
[WhiteElo "1071"]
[BlackElo "1285"]
[PlyCount "122"]
[GameId "2160767909572614"]
[EventDate "2012.02.10"]
[EventType "swiss"]
[EventRounds "5"]
[EventCountry "CAN"]
[SourceTitle "EXT 2022"]
[Source "ChessBase"]
[SourceDate "2021.10.06"]
[SourceVersion "1"]
[SourceVersionDate "2021.10.06"]
[SourceQuality "1"]

1. d4 Nf6 2. c4 g6 3. Nc3 d5 4. e3 Bg7 5. Qc2 O-O 6. Nf3 Nc6 7. a3 a5 8. cxd5 Nxd5 9. Nxd5 Qxd5 10. Qc5 Qxc5 11. dxc5 Rd8 12. Bc4 Bf5 13. Ke2 Bc2 14. Ra2 a4 15. Ng5 e6 16. f3 Na5 17. Bxe6 fxe6 18. Nxe6 Rd7 19. Nxg7 Kxg7 20. Bd2 Bd3+ 21. Kf2 Kf7 22. Bxa5 Rxa5 23. c6 bxc6 24. Rd1 Rd6 25. Raa1 Bc2 26. Rxd6 cxd6 27. Rc1 Rc5 28. e4 Ke6 29. Ke3 Rc4 30. Kd2 Bb3 31. Rxc4 Bxc4 32. Kc3 Bb3 33. Kd4 c5+ 34. Ke3 d5 35. exd5+ Kxd5 36. Kd3 g5 37. g3 Bd1 38. f4 gxf4 39. gxf4 Bf3 40. Ke3 Be4 41. h4 Bf5 42. h5 h6 43. Kd2 Kc4 44. Kc1 Kb3 45. Kd2 Kxb2 46. Ke3 c4 47. Kd4 c3 48. Ke5 Bh3 49. f5 Bxf5 50. Kxf5 c2 51. Kg6 c1=Q 52. Kf5 Kc3 53. Ke5 Qe3+ 54. Kd5 Kd3 55. Kd6 Qe4 56. Kc5 Kc3 57. Kd6 Kc4 58. Kc7 Qd5 59. Kb6 Qd6+ 60. Ka5 Qe6 61. Kxa4 Qa6# 0-1

[Event "Quebec-ch B U20 Pepsico"]
[Site "Montreal CAN"]
[Date "2012.02.11"]
[Round "3"]
[White "Subotyak, Ivan"]
[Black "Kravets, Michael"]
[Result "1-0"]
[WhiteElo "1354"]
[BlackElo "1390"]
[PlyCount "119"]
[GameId "2160767909572615"]
[EventDate "2012.02.10"]
[EventType "swiss"]
[EventRounds "5"]
[EventCountry "CAN"]
[SourceTitle "EXT 2022"]
[Source "ChessBase"]
[SourceDate "2021.10.06"]
[SourceVersion "1"]
[SourceVersionDate "2021.10.06"]
[SourceQuality "1"]

1. d4 d5 2. c4 e6 3. Nf3 Nf6 4. e3 Nc6 5. Nc3 Bb4 6. Bd2 Bxc3 7. Bxc3 O-O 8. Bd3 h6 9. O-O Ne4 10. Qc2 f5 11. cxd5 Qxd5 12. b3 Nxc3 13. Qxc3 a6 14. Rfe1 Rd8 15. Rad1 Qa5 16. Qxa5 Nxa5 17. Rc1 Nc6 18. a3 g5 19. Rc5 Rd5 20. Rec1 Bd7 21. e4 Rxc5 22. Rxc5 b6 23. Rc3 fxe4 24. Bxe4 g4 25. Ne5 Nxd4 26. Bxa8 Ne2+ 27. Kf1 Nxc3 28. Nxd7 Nb5 29. a4 Nd4 30. b4 Nc2 31. b5 axb5 32. axb5 Na3 33. Bc6 Kg7 34. Ne5 h5 35. Be8 Kf6 36. f4 gxf3 37. Nxf3 Kg7 38. Nd4 Kf6 39. Bxh5 e5 40. Nf3 Nxb5 41. g4 e4 42. g5+ Kg7 43. Nd2 Nd6 44. Kf2 c5 45. Ke3 c4 46. Nxc4 Nxc4+ 47. Kxe4 Nd2+ 48. Kf4 b5 49. Bd1 Kg6 50. h4 b4 51. h5+ Kg7 52. h6+ Kh8 53. Kf5 Nc4 54. g6 Nd6+ 55. Ke6 Nc4 56. Bb3 Nd2 57. Kf7 Nxb3 58. g7+ Kh7 59. g8=Q+ Kxh6 60. Qg6# 1-0

[Event "Quebec-ch B U20 Pepsico"]
[Site "Montreal CAN"]
[Date "2012.02.11"]
[Round "3"]
[White "Tinica, Gabriel"]
[Black "Bershtein, Anry Samuel"]
[Result "0-1"]
[WhiteElo "753"]
[BlackElo "1192"]
[PlyCount "100"]
[GameId "2160767909572616"]
[EventDate "2012.02.10"]
[EventType "swiss"]
[EventRounds "5"]
[EventCountry "CAN"]
[SourceTitle "EXT 2022"]
[Source "ChessBase"]
[SourceDate "2021.10.06"]
[SourceVersion "1"]
[SourceVersionDate "2021.10.06"]
[SourceQuality "1"]

1. d4 Nf6 2. c4 d5 3. Nc3 e6 4. Bg5 Nbd7 5. Nf3 Bb4 6. Ne5 Bxc3+ 7. bxc3 O-O 8. e3 h6 9. Nxd7 Bxd7 10. Bh4 g5 11. Bg3 Ne4 12. Qd3 c6 13. c5 Qa5 14. Be2 Qxc3+ 15. Qxc3 Nxc3 16. Bd3 b6 17. Bd6 Rfe8 18. cxb6 axb6 19. a3 Bc8 20. O-O Ba6 21. Bxa6 Rxa6 22. Rfc1 Ne2+ 23. Kf1 Nxc1 24. Rxc1 b5 25. Bb4 e5 26. g3 exd4 27. exd4 Re4 28. Bc5 Ra4 29. Kg2 Rc4 30. Rxc4 dxc4 31. Bb4 Rxd4 32. f3 Rd3 33. Kf1 c3 34. Ke2 Rd2+ 35. Ke1 Rxh2 36. Bxc3 Rh3 37. Be5 h5 38. Kf2 Rh2+ 39. Kf1 Ra2 40. Bd6 h4 41. Bb4 h3 42. Kg1 f5 43. Kh1 Ra1+ 44. Kh2 g4 45. f4 Kf7 46. Bc5 Ke6 47. Bb4 Kd5 48. Bf8 Ke4 49. Bc5 Ra2+ 50. Kh1 Kf3 0-1

[Event "Quebec-ch B U20 Pepsico"]
[Site "Montreal CAN"]
[Date "2012.02.11"]
[Round "3"]
[White "Tinica, Sabina"]
[Black "Cassista, Jeremie"]
[Result "0-1"]
[WhiteElo "961"]
[BlackElo "857"]
[PlyCount "62"]
[GameId "2160767909572617"]
[EventDate "2012.02.10"]
[EventType "swiss"]
[EventRounds "5"]
[EventCountry "CAN"]
[SourceTitle "EXT 2022"]
[Source "ChessBase"]
[SourceDate "2021.10.06"]
[SourceVersion "1"]
[SourceVersionDate "2021.10.06"]
[SourceQuality "1"]

1. d4 c5 2. dxc5 Qa5+ 3. Bd2 Qxc5 4. b4 Qe5 5. Nc3 a5 6. Nf3 Qc7 7. Nd5 Qd8 8. bxa5 e6 9. Nb6 Ra7 10. Nxc8 Qxc8 11. Qb1 g6 12. e3 Bg7 13. Nd4 Nc6 14. Nxc6 Qxc6 15. Qb5 Qxb5 16. Bxb5 Bxa1 17. O-O Bg7 18. Rd1 Nf6 19. Bc3 O-O 20. Bd4 Rxa5 21. Bc4 Rc8 22. Bb3 e5 23. Bxe5 Rxe5 24. f4 Rxe3 25. Kf2 Ng4+ 26. Kg1 Rce8 27. Kf1 Nxh2+ 28. Kf2 Ng4+ 29. Kf1 Bc3 30. Bc4 Re1+ 31. Rxe1 Rxe1# 0-1